Activities 1940-1943 : external war finance (Record no. 361569)

MARC details
000 -LEADER
fixed length control field 00566nam a2200193Ia 4500
008 - FIXED-LENGTH DATA ELEMENTS--GENERAL INFORMATION
fixed length control field 191130s1979##################000#0#eng##
020 ## - INTERNATIONAL STANDARD BOOK NUMBER
ISBN 9780333194157
082 ## - DEWEY DECIMAL CLASSIFICATION NUMBER
Classification number 330.156 KEY
100 ## - MAIN ENTRY--AUTHOR NAME
Personal name Keynes, John Maynard
245 ## - TITLE STATEMENT
Title Activities 1940-1943 : external war finance
Statement of responsibility, etc John Maynard Keynes
260 ## - PUBLICATION, DISTRIBUTION, ETC. (IMPRINT)
Place of publication Cambridge
Name of publisher Cambridge University Press
Year of publication 1979
300 ## - PHYSICAL DESCRIPTION
Number of Pages 378 p. : ill. ; 24 cm
650 ## - SUBJECT ADDED ENTRY--TOPICAL TERM
Topical Term War Finance
700 ## - ADDED ENTRY--PERSONAL NAME
Personal name Maggridge, Donald
991 ## -
-- 425248
Holdings
Withdrawn status Lost status Damaged status Not for loan Home library Current library Shelving location Date acquired Full call number Accession Number Price effective from Koha item type
        Anna Centenary Library Anna Centenary Library 4TH FLOOR, A WING 17.10.2020 330.156 KEY 320234 17.10.2020 English Books

Find us on the map